000 00967cam a22002411i 4500
003 SA-RiAUC
005 20260217130706.0
008 260215s1997 ku g 000 0 ara c
040 _aSA-JeALM
_bara
_cSA-RiAUC
_erda
082 0 _a251
_qSA-RiAUC
090 _a251
_bع ك ا
100 1 _aالعكازي، محمود عبدالله
_eمؤلف.
245 1 0 _aمباحث في علم أصول الفقه /
_cمحمود عبدالله العكازي
250 _aالطبعة الاولى.
264 1 _aالقاهرة :
_bدار الإتحاد العربي،
_c1985
300 _a230 صفحة
_c24 سم
336 _aنص
_btxt
_2rdacontent
_3كتاب
337 _aبدون وسيط
_bn
_2rdamedia
500 _aاهداء من المؤلف محمود العكازي الى الشيخ رحمه الله بتاريخ 24 / 3 / 1410 هـ
650 7 _aأصول الفقه الإسلامي
_2aucsh
942 _2ddc
_cBOOK
_n0
949 _aSA-JeALM
_d260215
_uosman123
_n1
999 _c14362
_d14362